000 00276nam a22001337a 4500
008 170208b xxu||||| |||| 00| 0 eng d
020 _a9780803611092
041 _aeng
080 _a61
100 _a3
101 _ashm
245 _aMED NOTES
_cDEGLIN, J.H
942 _2udc
_cBK
999 _c4853
_d4853